<?xml version="1.0" encoding="UTF-8"?>
<marc:record xmlns:marc="http://www.loc.gov/MARC21/slim">
   <marc:leader>00000nam a2200000 a 4500</marc:leader>
   <marc:datafield ind1="1" ind2=" " tag="100">
      <marc:subfield code="a">Swan, Karen</marc:subfield>
      <marc:subfield code="4">aut</marc:subfield>
      <marc:subfield code="e">Verfasser/-in</marc:subfield>
   </marc:datafield>
   <marc:datafield ind1=" " ind2=" " tag="653">
      <marc:subfield code="a">Liebesroman</marc:subfield>
   </marc:datafield>
   <marc:datafield ind1=" " ind2=" " tag="653">
      <marc:subfield code="a">Frau / Hauptfigur</marc:subfield>
   </marc:datafield>
   <marc:datafield ind1=" " ind2=" " tag="653">
      <marc:subfield code="a">Historischer Liebesroman</marc:subfield>
   </marc:datafield>
   <marc:datafield ind1=" " ind2=" " tag="653">
      <marc:subfield code="a">Unterhaltungsroman</marc:subfield>
   </marc:datafield>
   <marc:datafield ind1=" " ind2=" " tag="653">
      <marc:subfield code="a">Die Inseltöchter / Roman-Reihe</marc:subfield>
   </marc:datafield>
   <marc:datafield ind1="0" ind2="0" tag="245">
      <marc:subfield code="a">Die Inseltöchter - Der letzte Sommer</marc:subfield>
   </marc:datafield>
   <marc:datafield ind1="0" ind2="0" tag="245">
      <marc:subfield code="b">Roman</marc:subfield>
   </marc:datafield>
   <marc:datafield ind1="0" ind2="0" tag="245">
      <marc:subfield code="c">Karen Swan. Aus dem Englischen von Anne Fröhlich</marc:subfield>
   </marc:datafield>
   <marc:datafield ind1=" " ind2="1" tag="264">
      <marc:subfield code="a">München</marc:subfield>
      <marc:subfield code="b">Wilhelm Goldmann Verlag</marc:subfield>
      <marc:subfield code="c">2024</marc:subfield>
   </marc:datafield>
   <marc:datafield ind1="1" ind2=" " tag="490">
      <marc:subfield code="a">Die Inseltöchter</marc:subfield>
      <marc:subfield code="v">Band 1</marc:subfield>
   </marc:datafield>
   <marc:datafield ind1=" " ind2=" " tag="250">
      <marc:subfield code="a">2. Auflage</marc:subfield>
   </marc:datafield>
   <marc:datafield ind1="1" ind2=" " tag="520">
      <marc:subfield code="a">Eine Insel voller Geheimnisse, eine außergewöhnliche Frau, eine unwiderstehliche Liebe. Sommer 1930: Effie liebt ihre Heimat St. Kilda über alles. Auf der abgelegenen schottischen Insel mit ihren schroffen Felsen und unzähligen Seevögeln hat sie ihr ganzes bisheriges Leben verbracht. Als der Earl of Dumfries und sein Sohn Lord Sholto St. Kilda besuchen, soll Effie den beiden die Schönheit der Insel zeigen. Doch der junge Lord hat nur Augen für Effie, und der Abschied fällt ihm ebenso schwer wie ihr. Kurz darauf erfahren die Bewohner St. Kildas, dass sie aufs Festland übersiedeln müssen. Für Effie ist die Vorstellung, ihre geliebte Heimat zu verlassen, ein Albtraum. Doch es ist zugleich ihre einzige Chance, Lord Sholto wiederzusehen. Der Auftakt der großen neuen Serie der "Spiegel"-Bestsellerautorin basiert auf wahren historischen Ereignissen. (Verlagsinformation) Stimme zum Buch: "Der beste historische Liebesroman des Jahres." ("Independent")</marc:subfield>
   </marc:datafield>
   <marc:datafield ind1=" " ind2=" " tag="020">
      <marc:subfield code="a">9783442493838</marc:subfield>
      <marc:subfield code="9">9783442493838</marc:subfield>
   </marc:datafield>
   <marc:datafield ind1=" " ind2=" " tag="041">
      <marc:subfield code="a">ger</marc:subfield>
   </marc:datafield>
   <marc:datafield ind1=" " ind2=" " tag="500">
      <marc:subfield code="a">Deutsche Erstveröffentlichung April 2024</marc:subfield>
   </marc:datafield>
   <marc:datafield ind1=" " ind2=" " tag="300">
      <marc:subfield code="a">589 Seiten</marc:subfield>
   </marc:datafield>
</marc:record>
